000 00718nam a2200241Ia 4500
003 OSt
005 20221005120316.0
006 a|||||r|||| 00| 0
007 ta
008 221004b |||||||| |||| 00| 0 eng d
024 _a66609
037 _cTextual
040 _aCRL
_cCRL
_beng
041 _2eng
_aeng
082 _aV52:8-19:N07<-M96, 121J3.1-.3
110 _aItaly, Affairs Esteri (Ministere Degli-).
_9628981
245 0 _aDocumenti diplomatici Italiani
_b Terza series, 1896-1907.
260 _c1953
650 _aHISTORY
700 _aItaly, Affairs Esteri (Ministere Degli-).
_9628982
942 _hV52:8-19:N07<-M96, 121J3.1-.3
_cTEXL
_2cc
999 _c1037610
_d1037610